000 00460nam a2200145Ia 4500
003 OSt
005 20260123150420.0
008 211028s2016 xx 000 0 und d
040 _cAIMIT LIBRARY
041 _aeng
100 _aSneha, K; Harinakshi.
_g1416139
_97558
245 _aStudy on perceived employee attitude towards performance appraisal method with reference to Krishna Jewels Kannur /
260 _aMangalore
_bHarinakshi.
_c2016
942 _2ddc
_cPRO
999 _c219126
_d219126